000 00566nam a2200229Ia 4500
003 OSt
005 20220926044406.0
006 a|||||r|||| 00| 0
007 ta
008 220923b |||||||| |||| 00| 0 eng d
037 _cGeneral Book
040 _aRTL
_cRTL
_beng
041 _2eng
_aeng
082 _aXM.2.,e, J6
110 _aCentral Committee
_9348963
245 0 _aCo-operative Training
260 _c1956
300 _a174p
_ccm.
700 _aCentral Committee
_9348964
942 _hXM.2.,e, J6
_cGB
_2CC
999 _c674762
_d674762